| 000 | 00541nam a2200157 i 4500 | ||
|---|---|---|---|
| 001 | 67964 | ||
| 003 | ES-MaACL | ||
| 005 | 20230906170159.0 | ||
| 007 | t| | ||
| 008 | 040216s1963 sp ||||1| spa d | ||
| 100 | 1 |
_aGamarra Mayor, Saturnino. _953748 |
|
| 245 | 1 | 3 |
_aLa formación de los clérigos en orden a la obediencia en la España romanovisigoda / _cdiscurso inaugural pronunciado por Saturnino Gamarra Mayor. |
| 260 |
_aVitoria : _bSeminario Diocesano, _c1963. |
||
| 300 |
_a45 p. ; _c25 cm. |
||
| 852 |
_aES-MaACL _j2037-F-21 _bR.53216 |
||
| 999 |
_c67964 _d67964 |
||